000
00195nam a2200085 4500
001
1256434
005
20251229140042.0
245
_a
SUNANIN SERÇELERİ
_c
GÜLTEN DAYIOĞLU
260
_b
ALTIN YAYINLARI
999
_c
1256434
_d
1256434